| 000 | 00429nam a2200181Ia 4500 | ||
|---|---|---|---|
| 008 | 230524s9999 xx 000 0 und d | ||
| 020 | _a9788184958454 | ||
| 082 | _bZOH | ||
| 100 |
_aMichael Bar Zohar _941793 |
||
| 245 | 0 | _aMossad | |
| 250 | _a2 | ||
| 260 |
_aNew Delhi _bJaico _c2016 |
||
| 300 | _a388p; | ||
| 500 | _aQuantity Number: 1 | ||
| 650 |
_aMisalliance _941794 |
||
| 700 |
_aNissim Mishal _941795 |
||
| 942 | _cBK | ||
| 999 |
_c56219 _d56219 |
||